The Need for Modern Teachers to Integrate Informatics with STEM Education

Skúmanie potreby integrácie výučby informatiky do učebných osnov prostredníctvom pedagógov vo vzdelávaní STEM (prírodovedy, techniky, inžinerstva, matematiky).

Na minha lista:
Detalhes bibliográficos
Autor principal: Maratova, Tolganay
Outros Autores: Bostanov, Bektasa, Kultan, Jaroslav, 1960-, Nauryzbayev, Darmanbek, Sarsenkul, Tileubay
Formato: Capítulo de Livro
Idioma:inglês
Assuntos:
Tags: Adicionar Tag
Sem tags, seja o primeiro a adicionar uma tag!

MARC

LEADER 00000naa a2200000 4500
001 0300123
005 20240502084013.7
041 0 |a eng 
044 |a KZ 
245 1 0 |a The Need for Modern Teachers to Integrate Informatics with STEM Education  |c Tolganay Maratova, Bektasa Bostanov, Jaroslav Kultan, Darmanbek Nauryzbayev, Tileubay Sarsenkul 
520 |a Skúmanie potreby integrácie výučby informatiky do učebných osnov prostredníctvom pedagógov vo vzdelávaní STEM (prírodovedy, techniky, inžinerstva, matematiky). 
610 2 0 |a informatika 
610 2 0 |a vzdelávanie 
610 2 0 |a pedagógovia 
610 2 0 |a učitelia 
610 2 0 |a veda 
610 2 0 |a technika 
610 2 0 |a inžinierstvo informačné 
610 2 0 |a matematika 
610 2 0 |a školy 
100 1 |a Maratova, Tolganay 
700 1 |a Bostanov, Bektasa 
700 1 |a Kultan, Jaroslav, 1960- 
700 1 |a Nauryzbayev, Darmanbek 
700 1 |a Sarsenkul, Tileubay